[Event "Tilburg"]
[Site "Tilburg"]
[Date "1994.??.??"]
[Round "1"]
[White "Mokry, Karel"]
[Black "Vyzmanavin, Alexey"]
[Result "1-0"]
[WhiteElo "2530"]
[BlackElo "2610"]

1.e4 c5 2.Nf3 e6 3.d4 cxd4 4.Nxd4 a6 5.Bd3 Nf6 6.O-O Qc7 7.f4 Bc5 8.c3 Nc6
9.e5 Nd5 10.Kh1 d6 11.Nxc6 bxc6 12.Qe2 O-O 13.Nd2 f5 14.exf6 Nxf6 15.Nf3 a5
16.Bd2 Bd7 17.Rae1 Rae8 18.Bc2 Re7 19.Ng5 d5 20.Nf3 Bd6 21.Ne5 Bc8 22.c4 c5
23.Bc3 Bb7 24.b3 d4 25.Bd2 g6 26.Kg1 Qd8 27.Qd3 Nh5 28.Qh3 Qc7 29.Bd3 Nf6
30.Ng4 Bc6 31.Nxf6+ Rxf6 32.Qh4 Ref7 33.Qh3 Bd7 34.Qg3 Kg7 35.h4 Kf8 36.Re4 Bc6
37.Ree1 a4 38.Qg5 Qb7 39.bxa4 Qb2 40.Re2 Qa3 41.Bb1 Qxa4 42.Rc1 Bb7 43.h5 gxh5
44.Bxh7 Qxa2 45.Qg8+ Ke7 46.Bg6 Bc6 47.Bxf7 d3 48.Rf2 Qb2 49.Re1 Qd4 50.Bxe6 Rf8
51.Qg5+ Rf6 52.Bd5+ Kd7 53.Qg7+ Kd8 54.Bxc6  1-0

[Event "Tilburg"]
[Site "Tilburg"]
[Date "1994.??.??"]
[Round "1"]
[White "Alterman, Boris"]
[Black "Reinderman, Dimitri"]
[Result "1-0"]
[WhiteElo "2585"]
[BlackElo "2450"]

1.d4 g6 2.c4 Bg7 3.Nc3 c5 4.d5 Bxc3+ 5.bxc3 f5 6.g3 Qa5 7.Qb3 Nf6 8.Bg2 d6
9.Nh3 Nbd7 10.O-O Nb6 11.Ng5 Qa4 12.Ne6 Bxe6 13.dxe6 Ne4 14.f3 Nf6 15.Rb1 Rb8
16.e4 fxe4 17.fxe4 Qxc4 18.e5 Qxb3 19.Rxb3 dxe5 20.Be3 Rc8 21.Rb5 Nbd5 22.Rxc5 Rd8
23.Bh6 b6 24.Rxd5 Rxd5 25.Rxf6 exf6 26.Bxd5 Ke7 27.Bc1 Rc8 28.Ba3+ Ke8 29.c4 h5
30.Bd6 Kd8 31.Kf2 Ke8 32.Be4 f5 33.Bd5 e4 34.h4 Kd8 35.Ke3 Ke8 36.Kd4 a5
37.Bb7 e3 38.Bxc8 e2 39.Bd7+ Kd8 40.Bc6 e1=Q 41.e7+  1-0

[Event "Tilburg"]
[Site "Tilburg"]
[Date "1994.??.??"]
[Round "1"]
[White "Andersson, Ulf"]
[Black "Lanka, Zigurds"]
[Result "1-0"]
[WhiteElo "2620"]
[BlackElo "2540"]

1.d4 Nf6 2.Nf3 g6 3.c4 Bg7 4.g3 O-O 5.Bg2 d6 6.O-O Nc6 7.Nc3 a6 8.d5 Na5
9.b3 c5 10.dxc6 bxc6 11.Bb2 Rb8 12.Qd2 Bd7 13.Rac1 Ne8 14.c5 d5 15.Na4 Nb7
16.e4 Bxb2 17.Qxb2 dxe4 18.Ne5 Nf6 19.Rfd1 Qc7 20.Bxe4 Rfd8 21.Bf3 Be8 22.Qe2 a5
23.Nc4 Rxd1+ 24.Rxd1 Rd8 25.Rxd8 Qxd8 26.a3 Nd5 27.Qd2 Qc7 28.Qd4 e6 29.Ne5 h5
30.b4 axb4 31.axb4 Qd8 32.Nb6 Kh7 33.Nxd5 exd5 34.Be2 Qf6 35.Nf3 Kg7 36.Ba6 Nd8
37.Bc8 Qxd4 38.Nxd4 Kf6 39.f4 Ke7 40.Kf2 Bd7 41.Ba6 Kf6 42.Ke3 Ke7 43.Bd3 Be8
44.Kd2 Bd7 45.Kc3 Be8 46.Be2 Bd7 47.Bf3 Ne6 48.Bg2 Nc7 49.Bf1 Kf6 50.Bd3 g5
51.fxg5+ Kxg5 52.Kd2 Ne6 53.Nf3+ Kf6 54.Ke3 Ng7 55.Nd4 Ne6 56.Be2 Ng7 57.Bd1 Ke5
58.h4 f6 59.Bc2 Be8 60.Bd3 Bd7 61.Nf3+ Ke6 62.Kf4 Ke7 63.Nd4 Kf7 64.Ba6 Ne6+
65.Nxe6 Kxe6 66.Be2 Be8 67.g4 hxg4 68.Bxg4+ Ke7 69.h5 Kf7 70.h6 Kg8 71.Bf5 Kh8
72.Ke3 Kg8 73.Kd4 Kh8 74.Kc3 Kg8 75.Kb3 Kh8 76.Kc3 Kg8 77.Kd4 Kh8 78.b5 cxb5
79.Kxd5 Bf7+ 80.Kd6 Bh5 81.c6 Bf3 82.c7 Bb7 83.Kc5  1-0

[Event "Tilburg"]
[Site "Tilburg"]
[Date "1994.??.??"]
[Round "1"]
[White "Antunes, Antonio"]
[Black "Vaisser, Anatoli"]
[Result "1-0"]
[WhiteElo "2510"]
[BlackElo "2575"]

1.Nf3 d5 2.c4 e6 3.g3 c6 4.Qc2 Nf6 5.Bg2 Be7 6.O-O O-O 7.d4 dxc4 8.Qxc4 b5
9.Qc2 Bb7 10.a4 bxa4 11.Nc3 Na6 12.Nxa4 Nb4 13.Qb3 Qd5 14.Qd1 Rfd8 15.Bd2 c5
16.dxc5 Bxc5 17.Nxc5 Qxc5 18.Qa4 a5 19.Be3 Qc6 20.Qxc6 Bxc6 21.Rfc1 Bd5 22.Bb6 Rdb8
23.Rxa5 Rxa5 24.Bxa5 Na2 25.Rc2 Be4 26.Rd2 Nd5 27.Nd4 Bxg2 28.Kxg2 h6 29.Rc2 Rb7
30.e4 Ndb4 31.Rc8+ Kh7 32.Rc7 Rxc7 33.Bxc7 Nd3 34.b3 Nc3 35.e5 Nd5 36.Bd6 Kg6
37.f4 f6 38.Kf3 fxe5 39.fxe5 Kf7 40.Ke2 N3b4 41.Kd2 Na2 42.Kd3 g5 43.g4 Nc1+
44.Kc2 Na2 45.h3 Nac3 46.Nc6 Ne4 47.Kd3 Nf2+ 48.Ke2 Nxh3 49.Nd8+ Ke8 50.Nxe6 Kd7
51.Ng7 Nc3+ 52.Ke3 Nf4 53.Bc5 Kc6 54.Bd4 Ncd5+ 55.Ke4 Nc7 56.Be3 Nfd5 57.Bd2 Na6
58.Ne6 Ne7 59.b4 Kb5 60.Nd4+ Kc4 61.Nf5 Ng6 62.Nxh6 Nb8 63.Nf7 Nd7 64.e6 Nf4  1-0

[Event "Tilburg"]
[Site "Tilburg"]
[Date "1994.??.??"]
[Round "1"]
[White "Azmaiparashvili, Zurab"]
[Black "Wojtkiewicz, Aleksander"]
[Result "1/2-1/2"]
[WhiteElo "2625"]
[BlackElo "2560"]

1.d4 d5 2.c4 c6 3.Nc3 Nf6 4.Nf3 e6 5.Bg5 dxc4 6.e4 b5 7.a4 Qb6 8.Qc2 Nbd7
9.Be2 Bb7 10.O-O a6 11.Rfd1 h6 12.Be3 Ng4 13.Bf4 Ngf6 14.b3 cxb3 15.Qxb3 Be7
16.e5 Nd5 17.Nxd5 cxd5 18.axb5 O-O 19.Rab1 axb5 20.Bxb5 Bc6 21.Bxc6 Qxc6
22.Rdc1 Qa6 23.Qb7 Qxb7 24.Rxb7 Rfd8 25.Bd2 Kf8 26.h4 Ke8 27.Rcc7 Rac8 28.Rxc8 Rxc8
29.h5 Nb8 30.g4 Nc6 31.Kg2 Bd8 32.Be3 Rb8 33.Rxb8 Nxb8 34.Ng1 Nc6 35.f4 f6
36.Nf3 Bb6 37.exf6 gxf6 38.Kf2 Kf7 39.Ke2 Kg7 40.Kd3 Ba7 41.Nh4 Bb6 42.Ng6 Bc7
43.Bc1 Bd6 44.Bb2 Kf7 45.Bc3 Kg7 46.f5 e5 47.dxe5 fxe5 48.Nf4 Ne7 49.Ne6+ Kf6
50.Bd2 Nxf5 51.gxf5 Kxf5 52.Ng7+ Kg4 53.Ne8 Be7 54.Bxh6 Kxh5 55.Bg7 e4+ 56.Kd4 Kg6
57.Kxd5 Kf7 58.Kxe4  1/2-1/2

[Event "Tilburg"]
[Site "Tilburg"]
[Date "1994.??.??"]
[Round "1"]
[White "Blees, Albert"]
[Black "Hjartarson, Johann"]
[Result "1/2-1/2"]
[WhiteElo "2420"]
[BlackElo "2585"]

1.e4 c5 2.Nf3 d6 3.d4 cxd4 4.Nxd4 Nf6 5.Nc3 e6 6.g4 h6 7.h4 Nc6 8.Rg1 h5
9.gxh5 Nxh5 10.Bg5 Nf6 11.Qd2 Qb6 12.Nb3 a6 13.O-O-O Bd7 14.Rg3 Rc8 15.Kb1 Qc7
16.Be2 b5 17.a3 Ne5 18.Nd4 Qb7 19.f4 Rxc3 20.Qxc3 Nxe4 21.Qa5 Nxg5 22.hxg5 Nc4
23.Bxc4 bxc4 24.g6 Be7 25.Qc3 Rh1 26.Rxh1 Qxh1+ 27.Ka2 Bf6 28.Qxc4 Qe4 29.gxf7+ Kxf7
30.Qc7 Ke7 31.Nb3 Qxf4 32.Rh3 e5 33.Rc3 e4 34.Nc5 Qf5 35.Nxd7 Qxd7 36.Qxd7+ Kxd7
37.Re3 d5 38.Kb3 Kd6 39.c4 g5 40.cxd5 Kxd5 41.Kc2 Ke5 42.Re1 g4 43.Kd2 g3
44.Ke2 Kf4 45.Rf1+ Kg5 46.Ke3  1/2-1/2

[Event "Tilburg"]
[Site "Tilburg"]
[Date "1994.??.??"]
[Round "1"]
[White "Boensch, Uwe"]
[Black "Hansen, Curt"]
[Result "1/2-1/2"]
[WhiteElo "2540"]
[BlackElo "2605"]

1.d4 Nf6 2.c4 e6 3.Nf3 b6 4.a3 Bb7 5.Nc3 d5 6.Bg5 Be7 7.Qa4+ c6 8.Bxf6 Bxf6
9.cxd5 exd5 10.g3 O-O 11.Bg2 c5 12.O-O Bc6 13.Qd1 Na6 14.Qd2 Re8 15.Rad1 Nc7
16.Qc2 Nb5 17.e3 cxd4 18.Nxd4 Bxd4 19.exd4 Rc8 20.Rfe1 Nxc3 21.bxc3 Qd7 22.Qa2 Ba4
23.Rxe8+ Rxe8 24.Rc1 Bc6 25.c4 dxc4 26.Qxc4 Bxg2 27.Kxg2 h6 28.d5 Rd8 29.Rd1 Qd6
30.Rd3 Qe5 31.h4 g6 32.Kh2 Kg7 33.Rd2 Rd7 34.Qd3 Rd6 35.Kg2 g5 36.hxg5 hxg5
37.Qc4 Rd8 38.Qd3 Rd6 39.Qc4 Rd8 40.Qd3 Rd6  1/2-1/2

[Event "Tilburg"]
[Site "Tilburg"]
[Date "1994.??.??"]
[Round "1"]
[White "Bologan, Viktor"]
[Black "Tkachiev, Vladislav"]
[Result "1/2-1/2"]
[WhiteElo "2600"]
[BlackElo "2535"]

1.e4 e5 2.Nf3 Nc6 3.Bb5 a6 4.Ba4 Nf6 5.O-O b5 6.Bb3 Bc5 7.c3 d6 8.d4 Bb6
9.Bg5 h6 10.Bh4 g5 11.Bg3 Bg4 12.dxe5 Nxe5 13.Nbd2 Nfd7 14.Bd5 Rb8 15.h3 Bh5
16.Bxe5 Nxe5 17.g4 Bg6 18.Nxe5 dxe5 19.Qf3 h5 20.Kg2 hxg4 21.hxg4 Ke7 22.Qg3 Qd6
23.Nf3 c6 24.Bb3 Bc7 25.Rad1 Qf6 26.Rfe1 Rh6 27.Nd4 Rbh8 28.Nf5+ Bxf5 29.exf5 Rh4
30.Rh1 Rxh1  1/2-1/2

[Event "Tilburg"]
[Site "Tilburg"]
[Date "1994.??.??"]
[Round "1"]
[White "Campora, Daniel H"]
[Black "Hertneck, Gerald"]
[Result "1/2-1/2"]
[WhiteElo "2560"]
[BlackElo "2605"]

1.e4 e6 2.d4 d5 3.Nd2 Nf6 4.e5 Nfd7 5.f4 c5 6.c3 Nc6 7.Ndf3 cxd4 8.cxd4 Be7
9.Bd3 Qb6 10.Ne2 f6 11.a3 fxe5 12.fxe5 O-O 13.h4 Rf7 14.Rh3 Nf8 15.b4 Bd7
16.Be3 Rc8 17.Rc1 a6 18.Bg5 Na7 19.Bxe7 Rxe7 20.Rc5 Rxc5 21.dxc5 Qc7 22.Ned4 Nc6
23.Qe2 a5 24.Nxc6 Bxc6 25.Qe3 axb4 26.axb4 Be8 27.h5 b6 28.cxb6 Qc3+ 29.Kf2 Qxb4
30.Rh1 Rb7 31.Rb1 Qa5 32.g4 Nd7 33.Rb5 Qa8 34.Ng5 Nf8 35.Rb3 Qd8 36.Nf3 Nd7
37.Bb5 Qxb6 38.Qxb6 Rxb6 39.Bxd7 Rxb3 40.Bxe8 Kf8 41.Ba4 Rb4 42.Bc2 Rxg4
43.Bxh7 Ke7 44.Ke3 Kd7 45.Bg6 Ke7 46.Nd4 Rh4 47.Ne2 Ra4 48.Nf4 Ra3+ 49.Bd3 Kf7
50.Kf3 Ra1 51.Be2 Ra3+ 52.Kf2 Ra4 53.Ng6 Rb4 54.Bf3 Ra4 55.Kg3 Ra3 56.Kf4 Ra4+
57.Kg5 Ra3 58.Bg4 Re3 59.Kf4 Re1 60.Nh8+  1/2-1/2

[Event "Tilburg"]
[Site "Tilburg"]
[Date "1994.??.??"]
[Round "1"]
[White "Chernin, Alexander"]
[Black "Razuvaev, Yuri S"]
[Result "1/2-1/2"]
[WhiteElo "2615"]
[BlackElo "2550"]

1.d4 Nf6 2.c4 e6 3.Nf3 b6 4.g3 Ba6 5.b3 d5 6.Bg2 Bb4+ 7.Bd2 Bxd2+ 8.Qxd2 O-O
9.O-O Qe7 10.cxd5 exd5 11.Nc3 Bb7 12.Rac1 Na6 13.Rfd1 Rfd8 14.Qb2 c5 15.e3 Nc7
16.dxc5 bxc5 17.Qa3 Na6 18.Ne1 h5 19.h4 Rac8 20.Ne2 Qe6 21.Nd3 Qb6 22.Ndf4 g6
23.Nc3 d4 24.Na4  1/2-1/2

[Event "Tilburg"]
[Site "Tilburg"]
[Date "1994.??.??"]
[Round "1"]
[White "Cifuentes Parada, Roberto"]
[Black "Ye Jiangchuan"]
[Result "1-0"]
[WhiteElo "2490"]
[BlackElo "2575"]

1.d4 Nf6 2.c4 g6 3.Nc3 Bg7 4.e4 d6 5.f3 O-O 6.Bg5 Nc6 7.Nge2 a6 8.Qd2 Rb8
9.Rc1 Bd7 10.b3 h5 11.d5 Na5 12.Nd4 c5 13.Nc2 b5 14.Bd3 bxc4 15.bxc4 e5 16.dxe6 Bxe6
17.Ne3 Nc6 18.f4 Qe8 19.f5 Bd7 20.O-O Nh7 21.Bf4 Ne5 22.Ned5 Bc6 23.Be2 Bxd5
24.Nxd5 Rb2 25.Rc2 Rxc2 26.Qxc2 Nf6 27.Bg5 Ned7 28.Bd3 Qe5 29.Kh1 Nxd5 30.exd5 gxf5
31.Bxf5 Nf6 32.Bf4 Qe7 33.h3 Re8 34.Qf2 a5 35.a4 Kh8 36.Qf3 Kg8 37.Bg3 Qf8
38.Bd3 Rb8 39.Bh4 Nd7 40.Qxh5 Qe8 41.Bh7+ Kf8 42.Bg3 Ne5 43.Bxe5 Bxe5 44.Bg6 Rb7
45.h4 Qxa4 46.Qh6+ Ke8 47.Bxf7+ Kd8 48.Qf8+ Kc7 49.Be8  1-0

[Event "Tilburg"]
[Site "Tilburg"]
[Date "1994.??.??"]
[Round "1"]
[White "Cvitan, Ognjen"]
[Black "Alexandria, Nana"]
[Result "1/2-1/2"]
[WhiteElo "2585"]
[BlackElo "2325"]

1.d4 Nf6 2.c4 e6 3.Nf3 Nc6 4.a3 d5 5.Nc3 Be7 6.Bg5 dxc4 7.e3 Na5 8.Nd2 Nd5
9.Bxe7 Qxe7 10.Qa4+ Nc6 11.Qxc4 Nxc3 12.Qxc3 O-O 13.Nf3 Bd7 14.Bd3 Rfc8 15.O-O a5
16.Rac1 a4 17.Be4 Be8 18.Nd2 h6 19.Rc2 Ra6 20.Rfc1 Rb6 21.Nc4 Ra6 22.Ne5 Nxe5
23.Bxb7 Rc6 24.Bxc6 Nxc6 25.Qd3 Nb8 26.Rc5 Qd6 27.Qc4 Qb6 28.Rxc7 Rxc7 29.Qxc7 Qxb2
30.Qc8 Kh7 31.Qc2+ Qxc2 32.Rxc2 Bc6 33.Rc4 f5 34.f3 Kg6 35.Kf2 Kf6 36.h3 Ke7
37.g4 Kd6 38.gxf5 exf5 39.Rc5 g6 40.Ra5 Nd7 41.e4 fxe4 42.fxe4 Bxe4 43.Rxa4 Bf5
44.Ra6+ Kd5 45.Ke3 Nb8 46.Rb6 Nc6 47.Rb5+ Kd6 48.h4 Ne7 49.Rb6+ Kc7 50.Rb2 Bd7
51.Ke4 Kd6 52.d5 Nxd5 53.Rb8 Ne7 54.Rh8 Nf5 55.Kf4 Ke6 56.Rh7 Be8 57.Rh8 Bd7
58.Rh7 Bc6 59.Kg4 Kf6 60.Ra7 h5+ 61.Kh3 Bb5 62.Ra8 Bf1+ 63.Kh2 Ke5 64.Ra4 Be2
65.Kh3 Nd4 66.Kh2 Bg4 67.Ra6 Bf5 68.Rb6 Be4 69.Kg3 Bd3 70.Kf2 Be4 71.a4  1/2-1/2

[Event "Tilburg"]
[Site "Tilburg"]
[Date "1994.??.??"]
[Round "1"]
[White "Damljanovic, Branko"]
[Black "Gulko, Boris F"]
[Result "1/2-1/2"]
[WhiteElo "2505"]
[BlackElo "2590"]

1.Nf3 c5 2.c4 Nc6 3.Nc3 Nd4 4.Ne5 Qc7 5.Nd3 e6 6.e3 Nc6 7.Nf4 Nf6 8.Be2 a6
9.d4 cxd4 10.exd4 Bd6 11.g3 b6 12.Be3 O-O 13.O-O Ne7 14.Bf3 Bb7 15.Bxb7 Qxb7
16.Nd3 Nf5 17.Rc1 Rfc8 18.b3 Rab8 19.Qe2 Ne4 20.g4 Nxe3 21.fxe3 Nxc3 22.Rxc3 Qe4
23.Qf3 Qxf3 24.Rxf3 f6 25.e4 Kf7 26.Kg2 Ke7 27.Rc2 a5  1/2-1/2

[Event "Tilburg"]
[Site "Tilburg"]
[Date "1994.??.??"]
[Round "1"]
[White "De Boer, Gert Jan"]
[Black "Vladimirov, Evgeny"]
[Result "1/2-1/2"]
[WhiteElo "2435"]
[BlackElo "2580"]

1.d4 d5 2.c4 e6 3.Nc3 c5 4.cxd5 exd5 5.Nf3 Nc6 6.g3 Nf6 7.Bg2 Be7 8.O-O O-O
9.Bg5 cxd4 10.Nxd4 h6 11.Be3 Re8 12.Qb3 Na5 13.Qc2 Bg4 14.h3 Bd7 15.Rad1 Rc8
16.Nf5 Bc5 17.Bxd5 Nxd5 18.Rxd5 Bxe3 19.Nxe3 Qc7 20.Kh2 Be6 21.Rd4 Bxa2 22.Qd3 Be6
23.Rd1 Nc6 24.Rd6 Qa5 25.Ncd5 Qc5 26.Nf4 Ne5 27.Qd4 Bb3 28.Qxc5  1/2-1/2

[Event "Tilburg"]
[Site "Tilburg"]
[Date "1994.??.??"]
[Round "1"]
[White "Alexandria, Nana"]
[Black "Cvitan, Ognjen"]
[Result "0-1"]
[WhiteElo "2325"]
[BlackElo "2585"]

1.d4 Nf6 2.c4 g6 3.Nc3 Bg7 4.e4 d6 5.Nf3 O-O 6.Be2 e5 7.O-O Nc6 8.Be3 Ng4
9.Bg5 f6 10.Bh4 g5 11.Bg3 Nh6 12.dxe5 dxe5 13.h3 Be6 14.c5 Qe8 15.Nd5 Qf7
16.Qa4 Kh8 17.Rfd1 g4 18.hxg4 Bxg4 19.Rd2 f5 20.exf5 Bxf3 21.Bxf3 Nxf5 22.Qg4 Ncd4
23.Be4 Rad8 24.Bxf5 Qxd5 25.Be4 Nf3+ 26.Qxf3 Qxd2 27.Qh5 Qh6 28.Qxh6 Bxh6
29.Bxe5+ Bg7 30.Bxc7 Rd2 31.Bxb7 Rd7 32.Bd6 Rxb7 33.c6 Rxb2 34.Bxf8 Bxf8
35.Rd1 Rc2 36.Rd7 a6 37.c7 Rc1+ 38.Kh2 Rxc7 39.Rd8 Kg8 40.Ra8 Rc6 41.Ra7 Bc5
42.Ra8+ Kf7 43.f4 Be3 44.Kg3 Kg6 45.Kf3 Bc1 46.a4 Bd2 47.g4 a5 48.Rg8+ Kf7
49.Rd8 Bb4 50.Rd7+ Kg6 51.Rd5 Rc3+ 52.Ke4 Ra3 53.Rb5 Rxa4 54.Rb6+ Kf7 55.Kd5 Bf8
56.Ra6 Rxf4 57.Rxa5 Rxg4 58.Ra6 Bg7 59.Ra7+ Kg6 60.Ra6+  0-1

[Event "Tilburg"]
[Site "Tilburg"]
[Date "1994.??.??"]
[Round "1"]
[White "Akopian, Vladimir"]
[Black "Yurtaev, Leonid"]
[Result "1-0"]
[WhiteElo "2630"]
[BlackElo "2530"]

1.d4 Nf6 2.c4 g6 3.g3 Bg7 4.Bg2 O-O 5.Nc3 d6 6.Nf3 Nc6 7.O-O e5 8.d5 Ne7
9.c5 Bg4 10.cxd6 cxd6 11.Nd2 Rc8 12.Nde4 Nxe4 13.Nxe4 Qb6 14.h3 Bd7 15.Qb3 Qa6
16.Qa3 Qxa3 17.bxa3 Nf5 18.Rb1 b6 19.Rb2 h5 20.g4 hxg4 21.hxg4 Nh4 22.Nxd6 Rc3
23.Bh1 Bxg4 24.Bg5 Nf5 25.Ne4 Rc4 26.Nf6+ Bxf6 27.Bxf6 Re8 28.Rd1 Nd6 29.f3 Rf4
30.Bg5 Rf5 31.Bd2 Bh5 32.Rb4 b5 33.a4 a5 34.Rxb5 Nxb5 35.axb5 e4 36.fxe4 Rf6
37.Bg5 Rd6 38.Kf2 Bg4 39.a4 f6 40.Bf4 Rd7 41.Rc1 Rh7 42.b6 Bc8 43.Bf3 g5
44.Bg3 g4 45.Bg2 Bb7 46.Rc5 Ra8 47.Rc7 Rc8 48.Rxh7 Kxh7 49.Bc7 Rf8 50.Kg3 Kg6
51.Bd6 Kf7 52.e5  1-0

[Event "Tilburg"]
[Site "Tilburg"]
[Date "1994.??.??"]
[Round "1"]
[White "Drasko, Milan"]
[Black "Khenkin, Igor"]
[Result "1/2-1/2"]
[WhiteElo "2520"]
[BlackElo "2580"]

1.Nf3 d5 2.g3 g6 3.c4 e6 4.Bg2 Bg7 5.O-O Ne7 6.d4 Nbc6 7.e3 O-O 8.Nbd2 a5
9.b3 e5 10.Ba3 exd4 11.cxd5 Nb4 12.Nxd4 Nexd5 13.Rc1 Re8 14.Qf3 c6 15.Nc4 Nxa2
16.Nd6 Rf8 17.Rxc6 bxc6 18.Nxc6  1/2-1/2

[Event "Tilburg"]
[Site "Tilburg"]
[Date "1994.??.??"]
[Round "1"]
[White "Dreev, Alexey"]
[Black "Mecking, Henrique"]
[Result "1/2-1/2"]
[WhiteElo "2650"]
[BlackElo "2575"]

1.d4 Nf6 2.c4 g6 3.Nc3 Bg7 4.e4 d6 5.f3 O-O 6.Bg5 c5 7.d5 e6 8.Qd2 exd5 9.cxd5 a6
10.Nge2 Nbd7 11.Ng3 b5 12.Be2 b4 13.Nd1 a5 14.O-O Ba6 15.Bxa6 Rxa6 16.Rc1 Re8
17.Bh6 Ra7 18.Bxg7 Kxg7 19.Ne3 Nb6 20.b3 Kg8 21.Qb2 h5 22.Rfd1 Nh7 23.Ngf1 Qf6
24.Qxf6 Nxf6 25.Nd2 a4 26.Nec4 Nxc4 27.Nxc4 axb3 28.axb3 Ra6 29.h4 Kf8 30.Kf2 Nd7
31.Ra1 Rea8 32.Rxa6 Rxa6 33.f4 f6 34.Kf3 Ke7 35.g4 hxg4+ 36.Kxg4 Nb6 37.Nxb6 Rxb6
38.f5 Kf7 39.fxg6+ Kxg6 40.h5+ Kf7 41.Ra1 Rb7 42.Kf4 Re7 43.Ra6 Re5 44.Ra7+ Re7
45.Ra6 Re5 46.Rxd6 Rxh5 47.Rd7+ Kg6 48.Rc7  1/2-1/2

[Event "Tilburg"]
[Site "Tilburg"]
[Date "1994.??.??"]
[Round "1"]
[White "Ehlvest, Jaan"]
[Black "Wahls, Matthias"]
[Result "1-0"]
[WhiteElo "2600"]
[BlackElo "2540"]

1.d4 Nf6 2.c4 e6 3.Nf3 Bb4+ 4.Bd2 Qe7 5.g3 Nc6 6.Nc3 Bxc3 7.Bxc3 Ne4 8.Rc1 O-O
9.Bg2 d6 10.d5 Nd8 11.Bb4 e5 12.Nd2 a5 13.Nxe4 axb4 14.c5 f5 15.cxd6 cxd6
16.Nd2 Nf7 17.Qb3 b5 18.Qxb4 Rxa2 19.O-O Qa7 20.Nb1 Ra4 21.Qb3 Qa5 22.Nc3 Rb4
23.Qc2 Rc4 24.b3 Rc5 25.Qb2 b4 26.Na4 Rxc1 27.Rxc1 Bd7 28.Qd2 Ra8 29.Ra1 Nd8
30.Bh3 Nb7 31.Kg2 g6 32.e4 Rf8 33.exf5 Bxf5 34.Bxf5 Rxf5 35.Rc1 e4 36.Qd4 Rf8
37.Qxe4 Nd8 38.Rc4 Nf7 39.Qe6 Kg7 40.Rf4 Qa7 41.Nb2 Qa3 42.Qf6+ Kg8 43.Rf3 Qa8
44.Qe6 Kg7 45.Nc4 Qd8 46.h4 Qc7 47.Qf6+ Kg8 48.Qe6 Kg7 49.Rf4 Qd8 50.Qe1 Qa8
51.Qd2 Rb8 52.Qd4+ Kg8 53.h5 gxh5 54.Rf5 Qa2 55.Nxd6  1-0

[Event "Tilburg"]
[Site "Tilburg"]
[Date "1994.??.??"]
[Round "1"]
[White "Eingorn, Vereslav S"]
[Black "Kuijf, Marinus"]
[Result "1/2-1/2"]
[WhiteElo "2585"]
[BlackElo "2425"]

1.c4 e6 2.Nf3 d5 3.b3 Nf6 4.Bb2 Be7 5.g3 O-O 6.Bg2 a5 7.Nc3 Bd7 8.O-O Nc6
9.e3 Re8 10.d4 Bd6 11.Rc1 b6 12.Nb5 Na7 13.Nc3 Nc6 14.Re1 Bb4 15.Re2 Bxc3
16.Bxc3 a4 17.Be1 axb3 18.axb3 Ne4 19.Rec2 Na5 20.Bxa5 Rxa5 21.Ne5 Ra7 22.Ra1 Rxa1
23.Qxa1 f6 24.cxd5 exd5 25.Nxd7 Qxd7 26.Qa7 Re7 27.Qb7 Kf7 28.b4 Kg6 29.Qc6 Qf5
30.b5 h5 31.h4 Kh6 32.Rb2 g5 33.hxg5+ Qxg5 34.Bxe4 dxe4 35.Kf1 h4 36.gxh4 Qxh4
37.Ke1 Rg7 38.Re2 Rg1+ 39.Kd2 Ra1 40.Qe6 Kg7 41.Qe7+ Kg6 42.Qe8+ Kg7  1/2-1/2

[Event "Tilburg"]
[Site "Tilburg"]
[Date "1994.??.??"]
[Round "1"]
[White "Giorgadze, Giorgi"]
[Black "Vaganian, Rafael A"]
[Result "1/2-1/2"]
[WhiteElo "2565"]
[BlackElo "2645"]

1.e4 Nf6 2.d3 d6 3.f4 c5 4.Nf3 Nc6 5.g3 g6 6.Bg2 Bg7 7.O-O O-O 8.Nc3 Rb8
9.h3 b5 10.g4 Nd7 11.Ne2 Nd4 12.c3 Nxf3+ 13.Bxf3 b4 14.c4 e6 15.Ng3 Qh4 16.Kg2 Bb7
17.Qe2 Rbd8 18.Be3 Bd4 19.Rae1 Qf6 20.Bc1 Qh4 21.Be3 a5 22.Bxd4 cxd4 23.e5 Bxf3+
24.Rxf3 dxe5 25.fxe5 Kg7 26.Qe4 Nc5 27.Qf4 f5 28.exf6+ Qxf6 29.Qxf6+  1/2-1/2

[Event "Tilburg"]
[Site "Tilburg"]
[Date "1994.??.??"]
[Round "1"]
[White "Glek, Igor V"]
[Black "Van der Wiel, John TH"]
[Result "1/2-1/2"]
[WhiteElo "2615"]
[BlackElo "2555"]

1.e4 c5 2.Nf3 d6 3.d4 cxd4 4.Nxd4 Nf6 5.Nc3 Nc6 6.Be2 e5 7.Nf3 h6 8.O-O Be7
9.Re1 O-O 10.h3 Be6 11.Bf1 Nb8 12.a4 Nbd7 13.a5 a6 14.Nd5 Nxd5 15.exd5 Bf5
16.Nd2 Bg6 17.b4 f5 18.c4 Re8 19.Nb3 Bf8 20.Bb2 f4 21.c5 dxc5 22.bxc5 Nxc5
23.Rxe5 Rc8 24.Rxe8 Bxe8 25.Nd2 Bf7 26.Nc4 Bxd5 27.Nb6 Bb3 28.Qf3 Rc6 29.Qxf4 Bf7
30.Qf3 Nb3 31.Rd1 Nd2 32.Qf4 Rd6 33.Be2 Nb3 34.Rxd6 Qxd6 35.Qxd6 Bxd6 36.Bc3 Bc5
37.Bf3 Nd4 38.Bxd4 Bxd4 39.Bxb7 Bc3 40.Bxa6 Bxa5 41.Nd7 Bc3 42.Bd3 Bd4 43.Nb8 Bd5
44.Na6 Bb7 45.Nb4 Bc5 46.Nc2 Kf7 47.Kf1 g5 48.Ne3 Bxe3 49.fxe3 Kf6 50.Be2 Ke5
51.Kf2 Be4 52.Bf3 Bg6 53.Kg3 Bf5 54.h4 Bd7 55.hxg5 hxg5 56.e4 Bc8 57.Bg4 Ba6
58.Kf3 Bb5 59.Bf5 Kf6 60.Bc8 Bc6 61.g3 Ba4 62.Ke3 Ke5  1/2-1/2

[Event "Tilburg"]
[Site "Tilburg"]
[Date "1994.??.??"]
[Round "1"]
[White "Gulko, Boris F"]
[Black "Damljanovic, Branko"]
[Result "1/2-1/2"]
[WhiteElo "2590"]
[BlackElo "2505"]

1.d4 d6 2.e4 Nf6 3.Nc3 g6 4.Bg5 Bg7 5.e5 Nfd7 6.exd6 cxd6 7.Nf3 Nf6 8.Bd3 O-O
9.h3 Nc6 10.a3 h6 11.Be3 e5 12.Qd2 Qe7 13.d5 Nd4 14.Bxh6 e4 15.Nxd4 exd3+
16.Qe3 Qxe3+ 17.Bxe3 dxc2 18.Nxc2 Bf5 19.Nd4 Bd7 20.O-O-O Rac8 21.Kb1 Rxc3
22.bxc3 Nxd5 23.Ne2 Nxe3 24.fxe3 Re8 25.Rxd6 Bc6 26.Nf4 Bf8 27.Rd2 Rxe3 28.Kb2 Bg7
29.Rc1 Re5 30.h4 Rb5+ 31.Ka2 Bh6 32.g3 Rf5 33.Rf1 Bb5 34.Rff2 Bc4+ 35.Kb2 Rb5+
36.Kc2 Ra5 37.Kb2 Bf8 38.Rd8 Kg7  1/2-1/2

[Event "Tilburg"]
[Site "Tilburg"]
[Date "1994.??.??"]
[Round "1"]
[White "Gurevich, Dmitry"]
[Black "Speelman, Jonathan S"]
[Result "0-1"]
[WhiteElo "2535"]
[BlackElo "2600"]

1.d4 d5 2.Nf3 Bf5 3.Bf4 e6 4.c4 Bd6 5.Bxd6 Qxd6 6.c5 Qe7 7.Nc3 c6 8.e3 Nd7
9.Qb3 Rb8 10.Qa4 a6 11.Be2 h6 12.O-O Ngf6 13.h3 O-O 14.Rfe1 Rfe8 15.Rad1 e5
16.dxe5 Nxe5 17.Nd4 Bg6 18.Qa5 Nc4 19.Bxc4 dxc4 20.e4 Nd7 21.Na4 Ne5 22.Re3 Rbd8
23.Rd2 Nd3 24.Nf5 Bxf5 25.exf5 Qg5 26.Rde2 Rxe3 27.Rxe3 Nf4 28.g3 Nxh3+ 29.Kg2 Nf4+
30.Kg1 Rd1+ 31.Re1 Rd2 32.Rf1 Ne2+ 33.Kg2 Nxg3 34.Qxd2 Qxd2 35.Kxg3  0-1

[Event "Tilburg"]
[Site "Tilburg"]
[Date "1994.??.??"]
[Round "1"]
[White "Hansen, Curt"]
[Black "Boensch, Uwe"]
[Result "1/2-1/2"]
[WhiteElo "2605"]
[BlackElo "2540"]

1.c4 e6 2.Nc3 d5 3.d4 Nf6 4.cxd5 exd5 5.Bg5 c6 6.e3 Be7 7.Qc2 Nbd7 8.Bd3 O-O
9.Nf3 Re8 10.O-O Nf8 11.a3 a5 12.Ne5 Ng4 13.Bxe7 Qxe7 14.Nxg4 Bxg4 15.Rae1 Be6
16.Na4 g6 17.Nc5 b6 18.Nxe6 Qxe6 19.Rc1 Rec8 20.Qd2 c5 21.Bb5 Nd7 22.Bxd7 Qxd7
23.dxc5 bxc5 24.Rfd1 d4 25.g3 Kg7 26.exd4 Qxd4 27.Qxd4+ cxd4 28.Rxc8 Rxc8
29.Rxd4 Rc2 30.b4 Rc3 31.bxa5 Rxa3 32.Rd5 h5 33.Kf1 Ra2 34.h3 Kf6 35.Rb5 Ke6
36.Kg2 Ra3 37.Rb6+ Kf5 38.a6 g5 39.Rd6 f6 40.Rb6 Ke5 41.g4 hxg4 42.hxg4 f5
43.Rb5+ Kf4 44.Rxf5+ Kxg4 45.Rf6 Kh5 46.f3 g4 47.fxg4+ Kxg4 48.Kf2 Kg5 49.Rb6 Kf5
50.Ke2 Ke5 51.Kd2 Kd5 52.Kc2 Kc5  1/2-1/2

[Event "Tilburg"]
[Site "Tilburg"]
[Date "1994.??.??"]
[Round "1"]
[White "Hertneck, Gerald"]
[Black "Campora, Daniel H"]
[Result "1-0"]
[WhiteElo "2605"]
[BlackElo "2560"]

1.Nf3 d5 2.d4 Nf6 3.c4 e6 4.Nc3 Nbd7 5.Bg5 h6 6.Bh4 Bb4 7.e3 c5 8.cxd5 exd5
9.Qc2 Qa5 10.Bd3 c4 11.Bf5 O-O 12.O-O Re8 13.Nd2 Bxc3 14.bxc3 Qa6 15.Rfe1 Nf8
16.f3 Bxf5 17.Qxf5 Qe6 18.g4 N8d7 19.e4 g6 20.Qxe6 fxe6 21.e5 Nh7 22.f4 g5
23.Bg3 gxf4 24.Bxf4 Kg7 25.Re3 Rf8 26.Rf1 Kg6 27.Kg2 b5 28.a3 a5 29.Kg3 Rab8
30.Rb1 Rb6 31.Nf3 Nb8 32.Re2 Nc6 33.Reb2 Rfb8 34.Bd2 R6b7 35.h4 h5 36.Ng1 b4
37.axb4 axb4 38.Ne2 hxg4 39.cxb4 Ne7 40.Kxg4 Nf5 41.Ra2 Rg7 42.Rba1 Kf7+
43.Kh3 Nf8 44.Ra7+ Kg8 45.Rxg7+ Kxg7 46.Ra7+ Kg8 47.h5 Nh7 48.Kg2 Kh8 49.Kf2 c3
50.Nxc3 Rxb4 51.Ne2 Rb2 52.Bc1 Rc2 53.Ra4 Kg7 54.Bf4 Rc7 55.Bd2 Rc2 56.Ke1 Rc7
57.Bf4 Rb7 58.Kd2 Kf7 59.Kc3 Rc7+ 60.Kd3 Rb7 61.Ra3 Kg7 62.Nc1 Rf7 63.Ne2 Rb7
64.Bd2 Kf7 65.Rc3 Nf8 66.Rc1 Rb3+ 67.Bc3 Nh7 68.Rg1 Nf8 69.Nf4 Rb5 70.Ra1 Rb7
71.Ra6 Ng3 72.Ra4 Nh7 73.Bb4 Ng5 74.Bc5 N3e4 75.h6 Nxc5+ 76.dxc5 Nf3 77.Ra6 Nxe5+
78.Kc3 Re7 79.Kb4 Re8 80.Kb5 d4 81.h7 Ng6 82.Nxg6  1-0

[Event "Tilburg"]
[Site "Tilburg"]
[Date "1994.??.??"]
[Round "1"]
[White "Hjartarson, Johann"]
[Black "Blees, Albert"]
[Result "1-0"]
[WhiteElo "2585"]
[BlackElo "2420"]

1.c4 Nf6 2.Nc3 g6 3.e4 d6 4.d4 Bg7 5.Nf3 O-O 6.h3 c5 7.d5 e6 8.Bd3 exd5 9.exd5 Re8+
10.Be3 Bf5 11.Bxf5 gxf5 12.O-O Ne4 13.Ne2 b5 14.cxb5 a6 15.b6 Nd7 16.Qc2 Rb8
17.Nf4 Rxb6 18.Rab1 Ne5 19.Nd2 Ng6 20.Nc4 Rb7 21.Nh5 Bh8 22.f3 f4 23.fxe4 fxe3
24.Kh1 Bd4 25.Rf3 Kh8 26.Nxe3 Qg5 27.Nf5 Qxh5 28.Nxd6 Nh4 29.Rff1 Rg8 30.g4 Qe5
31.Nxb7 Qc7 32.Nxc5 Bxc5 33.b4 Qg3 34.bxc5 Qxh3+ 35.Qh2 Qd3  1-0